logo

Bir Sreshtho Munshi Abdur Rouf Library
Jhenaidah Cadet College

আল-কুরাআনের আলোকে উন্নত জীবনের আদর্শ / (Record no. 10602)

MARC details
000 -LEADER
fixed length control field 00836nam a2200229 a 4500
001 - CONTROL NUMBER
JCCL Control Number 10602
003 - CONTROL NUMBER IDENTIFIER
JCCL marc code BD-JhCC
005 - DATE AND TIME OF LATEST TRANSACTION
control field 20191114134019.0
008 - FIXED-LENGTH DATA ELEMENTS--GENERAL INFORMATION
fixed length control field 180728s20141980bg |||| |||| 000 0 mul d
020 ## - INTERNATIONAL STANDARD BOOK NUMBER
International Standard Book Number 984845517X
035 ## - SYSTEM CONTROL NUMBER
system control number (BD-JhCC)10602
040 ## - CATALOGING SOURCE
Original cataloging agency BD-JhCC
Modifying agency BD-JhCC
041 ## - LANGUAGE CODE
Language code of Book Benagla and Arabic
082 ## - DEWEY DECIMAL CLASSIFICATION NUMBER
Classification number 297
Author mark and Year ROH 2014
100 ## - MAIN ENTRY--PERSONAL NAME
Personal name রহিম, মওলানা মুহাম্মাদ আবদুর
245 ## - TITLE STATEMENT
Title আল-কুরাআনের আলোকে উন্নত জীবনের আদর্শ /
Statement of responsibility, etc মওলানা মুহাম্মাদ আবদুর রহিম,
260 ## - PUBLICATION, DISTRIBUTION, ETC. (IMPRINT)
Place of publication, distribution, etc ঢাকা :
Name of publisher, distributor, etc খায়রুন,
Date of publication, distribution, etc ২০১৪.
300 ## - PHYSICAL DESCRIPTION
Pagination ৪৩২ পৃ. :
Dimensions ২২ সেমি.
504 ## - BIBLIOGRAPHY, ETC. NOTE
Bibliography, etc Includes Bibliography
650 ## - SUBJECT ADDED ENTRY--TOPICAL TERM
Topical term or geographic name as entry element Islam
942 ## - ADDED ENTRY ELEMENTS (KOHA)
Source of classification or shelving scheme Dewey Decimal Classification
Koha item type Books
Koha issues (borrowed), all copies 2
Holdings
Source of classification or shelving scheme Damaged status Not for loan Home library Current library Shelving location Date of accession Cost, normal purchase price Total Checkouts Full call number Barcode Date last seen Date checked out Copy number Koha item type
Dewey Decimal Classification     JCC Rouf Library JCC Rouf Library General Stacks 07/28/2018 250.00 1 297 ROH 2014 14167 12/18/2019 11/13/2019 C-1 Books

JCC Library | Contacts | JCC Home

Last Update on 23 September 2017
Copyright @ 2017-2020 JCC Rouf Library
Rouf Library, Jhenidah Cadet College (JCC), Bangladesh